000 00421nam a2200169Ia 4500
001 10893
003 IN-NITTTR
005 20251114233101.0
008 251113s9999||||xx |||||||||||||| ||eng||
040 _beng
040 _cIN-NITTTR
041 _aeng
082 _a519.3 S64T
100 _aSummerton, Oswald
245 0 _aTransactional game analysis :
_b games since Eric Berne /
_cSummerton, Oswald
942 _2ddc
_cBK
999 _c13529
_d13529